Count in Roman Number in 30 Second - Statistics

General Stats
  • This quiz has been taken 11 times
  • The average score is 20 of 33
Answer Stats
Answer % Correct
I
100%
II
100%
III
100%
IV
100%
IX
100%
V
100%
VI
100%
X
100%
XI
100%
VII
90%
VIII
90%
XII
90%
XIII
90%
XV
70%
XVI
70%
XIV
60%
XVII
60%
XVIII
50%
XX
50%
XIX
40%
XXI
40%
XXII
40%
XXIII
30%
XXIV
30%
XXV
30%
XXVI
30%
XXX
20%
XXXI
20%
XXIX
10%
XXVII
10%
XXVIII
10%
XXXII
10%
XXXIII
10%
No matching quizzes found
Score Distribution
Percent of People with Each Score
Percentile by Number Answered
Your Score History
You have not taken this quiz